Monarchie w Europie w XX wieku, które utraciły władzę - Statystyki

Ogólne statystyki
  • Ten quiz został rozwiązany 31 razy
  • Średni wynik to 16 z 19
Statystyki odpowiedzi
Okres istnienia monarchii Nazwa państwa % Poprawnych
1971-1918 Cesarstwo Niemieckie
100%
1721–1917 Cesarstwo Rosyjskie
100%
1832-1924, 1935-1941, 1944-1973 Królestwo Grecji
100%
1967-1918 Cesarstwo Austro-Węgier
95%
1139–1910 Królestwo Portugalii
95%
1881-1947 Królestwo Rumunii
95%
1920-1946 Królestwo Węgier
95%
1861–1946 Królestwo Włoch
95%
1908-1946 Carstwo Bułgarii
90%
1916–1918 Królestwo Polskie
90%
1918 Królestwo Litwy
86%
1918 Księstwo Kurlandii i Semigalii
86%
1918 Zjednoczone Księstwo Bałtyckie
86%
1882–1918 Królestwo Serbii
81%
1910–1918 Królestwo Czarnogóry
76%
1917-1919 Królestwo Finlandii
76%
1918-1945 Królestwo Jugosławii
71%
1928–1945 Królestwo Albanii
67%
1299-1922 Imperium Osmańskie
57%
Nie znaleziono quizów pasujących do podanych kryteriów
Rozkład punktacji
Procent ludzi z każdym wynikiem
Percentyl według liczby udzielonych odpowiedzi
Twoja historia wyników
Nie rozwiązałeś tego quizu